| 000 | 00415nam a22001577a 4500 | ||
|---|---|---|---|
| 003 | PILC | ||
| 005 | 20150902081741.0 | ||
| 008 | 150902b xxu||||| |||| 00| 0 eng d | ||
| 020 | _a9812471871 | ||
| 050 |
_aQK 47 _b.N117 2005 |
||
| 100 | _aNabors, Murray M. | ||
| 245 |
_aBotany : _ban introduction approach / _cMurray M. Nabors. |
||
| 260 |
_aSingapore : _bPearson, _c2005 |
||
| 650 | _aBotany. | ||
| 942 |
_2lcc _cBK |
||
| 999 |
_c288571 _d288571 |
||